| Tag |
First Indicator |
Second Indicator |
Subfields |
| LEADER |
00000cam a2200000 4500 |
| 001 |
in00000772000 |
| 005 |
20151017051220.0 |
| 008 |
710203s1970 maua b 00110 eng |
| 010 |
|
|
|a 77110231
|
| 020 |
|
|
|a 0262130610
|
| 035 |
|
|
|a (OCoLC)00115810
|
| 035 |
|
|
|9 ADK5236AM
|
| 040 |
|
|
|a DLC
|c DLC
|d TXA
|d UtOrBLW
|
| 049 |
|
|
|a TXAM
|c [706243]
|
| 050 |
0 |
0 |
|a QP481
|b .M26
|
| 082 |
0 |
|
|a 612/.84
|
| 100 |
1 |
|
|a MacAdam, David L.,
|d 1910-
|
| 245 |
1 |
0 |
|a Sources of color science /
|c selected and edited by David L. MacAdam.
|
| 264 |
|
1 |
|a Cambridge, Mass. :
|b MIT Press,
|c [1970]
|
| 300 |
|
|
|a x, 282 pages :
|b illustrations (part color) ;
|c 24 cm.
|
| 336 |
|
|
|a text
|b txt
|2 rdacontent
|
| 337 |
|
|
|a unmediated
|b n
|2 rdamedia
|
| 338 |
|
|
|a volume
|b nc
|2 rdacarrier
|
| 504 |
|
|
|a Includes bibliographical references.
|
| 505 |
0 |
|
|a Timaeus 68, by Plato.--On the soul II, 7, by Aristotle.--Sense and the sensible 2, 3, by Aristotle.--Meteorologica III, 2, 4, by Aristotle.-- New theory about light and colors, by I. Newton.--Opticks, by I. Newton.-- Theory of colors and vision, by G. Palmer.--Theory of light, by G. Palmer.--On the theory of light and colors, by T. Young.--Theory of compound colors, by H. G. Grassmann.--Theory of the perception of colors, by J. C. Maxwell.--The diagram of colors, by J. C. Maxwell.--Theory of compound colors, and the relations of the colors of the spectrum, by J. C. Maxwell.--On color vision, by J. C. Maxwell.--Physiological optics, by H. von Helmholtz.--Contribution to the physiology of visual sensations, by J. von Kries.--Chromatic adaptation, by J. von Kries.
|
| 505 |
0 |
|
|a --Influence of adaptation on the effects produced by luminous stimuli, by J. von Kries.--The optics of trichromatic photography, by F. E. Ives.--Outline of a theory of color measurement for daylight vision, by E. Schrodinger.--Thresholds of color differences, by E. Schrodinger.--Some problems of visual perception, by J. Guild.--Interpretation of quantitative data in visual problems, by J. Guild.--Measurability of sensations of hue, brightness, or saturation, by L. F. Richardson.--Retinal structure and color vision, by S. Polyak.--Laminar pattern of the lateral geniculate nucleus considered in relation to color vision, by Sir W. E. Le Gros Clark.
|
| 650 |
|
0 |
|a Color vision.
|
| 650 |
|
0 |
|a Physiological optics.
|
| 999 |
|
|
|a MARS
|
| 999 |
f |
f |
|s ee4f2154-35fe-36aa-ab4e-a5a87890d622
|i 42e3be71-9e05-34bf-8c33-98a1347b0d45
|t 0
|
| 952 |
f |
f |
|p ric
|a Texas A&M University
|b Rellis Campus
|c Joint Library Facility
|d Remote Storage
|t 0
|e QP481 .M26
|h Library of Congress classification
|i unmediated -- volume
|m A14805017596
|
| 998 |
f |
f |
|a QP481 .M26
|t 0
|l Remote Storage
|